| 000 | 00670nam a2200241 a 4500 | ||
|---|---|---|---|
| 005 | 20210219153414.0 | ||
| 008 | 991125n 000 0 u | ||
| 035 | _aUPN01000097199 | ||
| 100 | _aStover, Mark | ||
| 222 | _aLIBRARY TRENDS | ||
| 245 | _aReligious studies and electronic information : a librarian's perspective | ||
| 300 | _a687-703 | ||
| 362 | _a40, No. 4, 1992 | ||
| 505 | _aAgosto 1993 | ||
| 653 | 0 | _aACTITUDES LIBERALES | |
| 653 | 0 | _aBIBLIOTECAS ACADEMICAS | |
| 653 | 0 | _aEDUCACION RELIGIOSA | |
| 653 | 0 | _aESTUDIOS RELIGIOSOS | |
| 653 | 0 | _aHUMANIDADES | |
| 653 | 0 | _aTECNOLOGIA DE INFORMACION | |
| 904 |
_aAC _b035010 |
||
| 905 | _aArticulo | ||
| 999 |
_c76085 _d76085 |
||